00513nam a2200193 a 4500001001300000003000900013005001700022008004100039020002300080082001300103100001900116245004700135260004600182300000900228500003500237505001100272650001700283700001900300nice12345678IN_TiNIC20260116014507.0080403s2007 dela grp 000 0 eng  a8176465860 c79500a248bMUK aMukherjee, K C aIncomprehensible Holy God and Spiritualism aDelhi bB.R.Publishing Corporation c2007 a452p aincludes index and biblioraphy2 abiblio aSpirituality1 aMukherjee, K C